02209nam a22001577a 450000500170000000800410001704000080005804100070006608200120007310000430008524500920012826000450022030000070026552013420027265004370161420180105154344.0180105b xxu||||| |||| 00| 0 eng d aANE aEs aTV-5852 aAlvaraso, RosanaeMinistra de Justicia aRosana Alvarado señala que avanzan las investigaciones tras el asesinato de Emilia B. aQuitobEcuador TV-Entrevistac2018-01-05 ap. aLa ministra de Justicia, Rosana Alvarado, se refirió a problemas internos en el Centro de Rehabilitación Social de Turi en Cuenca, donde hubo un cruce de balas entre varios internos del centro penitenciario. Al respecto, la ministra indicó que el percance fue controlado por la policía y descartó que existan rehenes como se mencionó en versiones no oficiales. Alvarado comentó que para evitar este tipo de emergencias, se toman medidas como el traslado de reos que pertenecen a una misma banda o que podría significar el enfrentamiento entre bandas rivales. Además, señaló que la idea no es saturar las cárceles, frente a lo cual en delitos menores, se otorgan medidas sustitutivas de parte de los jueces. Sobre el presunto culpable del asesinato de la niña Emilia B., la ministra explicó que las investigaciones las viene realizando la Fiscalía y que en este caso habría una concurrencia de delitos como trata de personas, pornografía infantil, entre otros. Para finalizar, Alvarado manifestó que pronto se irá definiendo el tema de la elección del Vicepresidente. Agregó que el contexto de gobernabilidad actual es diferente al que se vivió en 2013 y que a pesar de una ‘oposición’ inesperada, las ideas del proyecto son las mismas: soberanía, reforma económica y justicia social. aAcontecer Nacional / Rosana Alvarado / Ministra Justica / Ecuador TV-Entrevista / Justica Ecuatoriana / problemas internos / Centro Rehabilitación Social Turi Cuenca / Policia Nacional / medidas sustitivas jueces / presunto culpable asesinato / Emilia B / investigaciones Fiscalía / trata personas / pornografía infantil / elección vicepresidente /gobernabilidad actual / soberanía, reforma económica y justicia social /